00530nam a2200181Ia 4500003000900000008004100009020001800050040001600068080001700084245008400101260003600185300001000221490004500231650001400276650001900290650001900309700002000328IN-BaIIA211028s9999 xx 000 0 eng d a0-387-05414-6 cIIA Library a512.743bLIN 0aLinear algebracedited by F.L. Bauer  aNew YorkbSpringer-Verlagc1971 a439p. aHandbook for Automatic Computation; v.II aFunctions aLinear algebra aNASA Thesaurus aBauer, F.L. ed.